000 00299nam a22001337a 4500
082 _a894.812.3
_bAYU/M
100 _aAYOOR,CHANDRAMATHY
245 _aMRUTHASANJEEVANI
250 _aFIRST
260 _aERNAKULAM
_bEARLY BIRD PUBLISHERS
_c2005
300 _a80
650 _aSTORY
_zKERALA
942 _cBK
999 _c1570
_d1570